Монгол улсын төв номын санд байгаа докторын зэрэг хамгаалсан зохиолуудын номзүйн бүртгэл (Бичлэгийн дугаар. 67978)
[ энгийн харах ]
| 000 -Удирдлага | |
|---|---|
| Ном зүйн бүртгэл тоо буюу кодлох утгыг агуулсан | 01728 a2200241 4500 |
| 003 - ХЯНАЛТЫН ТОО ТОДОРХОЙЛОГЧ | |
| Код | MN-UlNLM |
| 005 - ХАМГИЙН СҮҮЛИЙН ҮЕИЙН ХЭЛЦЛИЙН ОГНОО БА ЦАГ | |
| Тухайн бичилтийг бичсэн засварласан сүүлийн огноо. | 20220629161536.0 |
| 008 - ЕРӨНХИЙ МЭДЭЭЛЭЛ-ЭЛЕМЕНТҮҮДИЙН ӨГӨГДЛИЙН УРТ | |
| fixed length control field | a130t1997 mp ||||| |||| 00| 0 mon d |
| 040 ## - ЭХ СУРВАЛЖИЙГ ТОДОРХОЙЛОН БИЧИХ | |
| Анхны каталогийн байгууллага | Монгол Улсын Үндэсний номын сан |
| 084 ## - БУСАД АНГИЛЛЫН ДУГААР | |
| Анги | 91.9 |
| Ангиллын нэр | Номын сан номзүйн ангилал |
| Зохиогчийн 3-н тэмдэгт | Б 17 |
| Шинжлэх ухааны мэдлэгийн салбар | Лавлах хэвлэл - 9 |
| 100 1# - ЗОХИОГЧИЙН ХЭСЭГ | |
| Зохиогчийн нэр | Базар Ш., |
| -- | Оюунбилэг Д. |
| 110 ## - ДЭЭД ГАРЧГИЙН МЭДЭЭ | |
| Эрхлэн гаргасан байгууллагын нэр | Монгол улсын төв номын сан |
| 245 1# - ҮНДСЭН ГАРЧИГ | |
| Гарчиг | Монгол улсын төв номын санд байгаа докторын зэрэг хамгаалсан зохиолуудын номзүйн бүртгэл |
| Гарчигт хамааралтай мэдээ | 1956-1996 |
| Оролцогчдын тухай мэдээ | Эмхт. Ш.Базар, Д.Оюунбилэг |
| 250 ## - ХЭВЛЭЛТИЙН ТУХАЙ МЭДЭЭ | |
| Дахин хэвлэлтийн мэдээ | 1 |
| 260 0# - ГАРАЛТЫН ТУХАЙ МЭДЭЭ | |
| Хэвлэгдсэн он | 1997 |
| Хэвлэгдсэн газар | УБ |
| 300 ## - ТООНЫ МЭДЭЭ | |
| Хуудасны тоо | 33х |
| 546 ## - ХЭЛНИЙ ТУХАЙ МЭДЭЭ | |
| Хэл | |
| 653 ## - ТҮЛХҮҮР ҮГС | |
| Түлхүүр үг | Лавлах хэвлэл |
| -- | Ном зүй |
| -- | Докторын зэрэг хамгаалсан бүтээлийн ном зүй |
| 740 ## - НОМЫН АГУУЛГЫН ГАРЧИГ | |
| Номын гарчгууд | Физик математикийн шинжлэх ухаан. |
| -- | Химийн шинжлэх ухаан. |
| -- | Геологийн шинжлэх ухаан. |
| -- | Газар зүйн шинжлэх ухаан. |
| -- | Биологийн шинжлэх ухаан. |
| -- | Техникийн шинжлэх ухаан. |
| -- | Мал эмнэлгийн шинжлэх ухаан. |
| -- | Анагаах ухаан. |
| -- | Түүхийн шинжлэх ухаан. |
| -- | Философийн шинжлэх ухаан. |
| -- | Эдийн засгийн шинжлэх ухаан. |
| -- | Хууль цаазны шинжлэх ухаан. |
| -- | Суран хүмүүжүүлэх ухаан. |
| -- | Хэл бичгийн шинжлэх ухаан. |
| -- | Докторын зэрэг хамгаалсан эрдэмтдийн нэрсийн хэлхээс. |
| 856 ## - ЭЛЕКТРОН БАЙРЛАЛ БА ХОЛБООС | |
| Төрөл | Хэвлэмэл ном |
| 942 ## - ЭЛЕМЕНТИЙН ТӨРӨЛ | |
| Төрөл | Ном |
| Буцаан татагдсан төлөв | Хасагдсан шалтгаан | Гэмтсэн төлөв | Данс заагч | Захиалах боломжгүй | Үндсэн номын сан | Одоогийн байршил | Салбар танхим | Сан хөмрөг 5 | Бүртгэсэн огноо | Тавиурын заалт | Баркод | Үнэ | Хамгийн сүүлд байсан огноо | Салбар | Нийт уншлаганд гарсан тоо | Хамгийн сүүлд уншлаганд гарсан огноо | Төрөл |
|---|---|---|---|---|---|---|---|---|---|---|---|---|---|---|---|---|---|
| МУҮНомын сан салбар | МУҮНомын сан салбар | МУҮНС салбар | Ертөнц танхим 9 давхар | МУҮНС салбар | Ертөнц танхим 9 давхар | 2021-09-09 | 57173 | 002000057173 | 500.00 | 2023-08-11 | 0000020571 | 1 | 2023-08-11 | Ном | |||||
| МУҮНомын сан салбар | МУҮНомын сан салбар | МУҮНС салбар | Ертөнц танхим 9 давхар | МУҮНС салбар | Ертөнц танхим 9 давхар | 2021-08-26 | 56933 | 02056933 | 16.50 | 2022-12-10 | 1 | 2018-10-10 | Ном | ||||||
| МУҮНомын сан салбар | МУҮНомын сан салбар | МУҮНС салбар | Ертөнц танхим 9 давхар | МУҮНС салбар | Ертөнц танхим 9 давхар | 2021-09-09 | 57175 | 02057175 | 500.00 | 2025-01-07 | 0000020571 | 2 | 2025-01-07 | Ном | |||||
| МУҮНомын сан салбар | МУҮНомын сан салбар | МУҮНС салбар | Ертөнц танхим 9 давхар | МУҮНС салбар | Ертөнц танхим 9 давхар | 2021-09-09 | 57174 | 02057174 | 500.00 | 2022-12-10 | 0000020571 | 1 | 2022-12-10 | Ном |